Statistics for 200 biggest cities and towns in Germany

Click here to take the quiz!

General Stats

  • This quiz has been taken 433 times
  • The average score is 99 of 200

Answer Stats

#PopulationAnswer% Correct
13,680,000Berlin
100%
41,090,000Cologne (Köln)
98%
31,490,000Munich (München)
98%
5765,000Frankfurt am Main
97%
15757,800Frankfurt (Oder)
97%
21,850,000Hamburg
97%
7624,000Düsseldorf
95%
6637,000Stuttgart
95%
12558,000Dresden
94%
10583,000Essen
94%
13538,000Hannover
92%
8594,000Leipzig
92%
14520,000Nuremberg (Nürnberg)
92%
11569,000Bremen
91%
9590,000Dortmund
91%
28250,000Aachen
90%
19331,000Bonn
90%
29247,500Kiel
90%
16365,000Bochum
85%
15500,000Duisburg
84%
42181,000Saarbrücken
84%
33232,000Freiburg im Breisgau
83%
22312,000Mannheim
83%
43181,000Potsdam
83%
23297,500Augsburg
82%
18335,000Bielefeld
82%
35219,000Mainz
82%
37214,600Erfurt
81%
21313,000Karlsruhe
81%
39210,000Rostock
81%
32238,000Magdeburg
80%
17356,000Wuppertal
80%
20316,000Münster
79%
72111,700Trier
79%
69114,000Bremerhaven
78%
36217,500Lübeck
78%
64124,900Wolfsburg
78%
30247,000Chemnitz
77%
50162,000Heidelberg
77%
61127,100Ulm
77%
31239,000Halle (Saale)
76%
25262,000Mönchengladbach
76%
55154,000Regensburg
76%
24279,000Wiesbaden
76%
68114,300Koblenz
75%
8299,600Cottbus
74%
26260,500Gelsenkirchen
74%
75111,500Jena
74%
27250,500Braunschweig
72%
40203,000Kassel
72%
49164,000Leverkusen
72%
60128,100Würzburg
72%
51160,300Darmstadt
71%
57138,000Ingolstadt
71%
81100,100Kaiserslautern
71%
47170,000Oldenburg
70%
9290,250Flensburg
68%
48166,000Osnabrück
68%
44180,400Hamm
67%
8595,900Schwerin
67%
9885,000Konstanz
66%
9488,900Zwickau
66%
8893,200Gera
65%
58131,000Offenbach am Main
65%
59129,000Fürth
64%
34228,000Krefeld
64%
45173,000Ludwigshafen am Rhein
64%
16655,200Baden-Baden
63%
65119,000Göttingen
63%
56152,000Paderborn
63%
70112,900Erlangen
62%
38211,000Oberhausen
61%
52160,000Solingen
60%
10083,600Worms
60%
8496,600Hanau
59%
9091,600Tübingen
58%
13465,300Weimar
58%
9389,900Gießen
57%
41189,000Hagen
57%
62127,000Heilbronn
57%
54154,500Neuss
57%
17752,800Passau
57%
63126,100Pforzheim
57%
67116,000Reutlingen
57%
71112,000Bergisch Gladbach
56%
66118,000Bottrop
56%
73111,600Recklinghausen
56%
10777,400Bamberg
55%
12768,700Fulda
53%
79102,000Hildesheim
53%
74111,600Remscheid
53%
78103,000Siegen
53%
9191,300Düren
52%
53157,000Herne
52%
11176,100Wilhelmshaven
52%
12272,250Brandenburg an der Havel
51%
80101,100Gütersloh
51%
46171,000Mülheim an der Ruhr
51%
8396,800Witten
50%
77104,200Moers
49%
12471,100Aschaffenburg
48%
11574,800Bayreuth
48%
16256,000Görlitz
48%
8992,300Iserlohn
48%
8793,600Ludwigsburg
48%
76104,500Salzgitter
48%
10281,800Minden
47%
9785,800Villingen-Schwenningen
47%
10480,200Dessau-Roßlau
44%
15159,300Greifswald
44%
11275,750Lüneburg
44%
9984,100Marl
44%
10977,200Marburg
42%
10380,250Neumünster
42%
8694,200Esslingen am Neckar
41%
14163,600Rosenheim
41%
15059,450Stralsund
41%
19549,900Emden
40%
13963,800Neubrandenburg
39%
13764,650Plauen
39%
9587,600Ratingen
39%
12569,600Celle
38%
11973,450Landshut
38%
9686,400Lünen
38%
17453,450Schweinfurt
38%
14461,300Friedrichshafen
36%
15359,000Neu-Ulm
36%
14860,000Offenburg
36%
12868,450Aalen
34%
17553,300Neustadt an der Weinstraße
34%
18750,550Speyer
34%
11774,300Detmold
32%
18850,550Goslar
32%
12669,200Kempten
32%
18650,900Ravensburg
32%
11076,300Rheine
32%
17154,250Bad Homburg vor der Höhe
31%
10181,900Velbert
31%
10677,600Delmenhorst
30%
15857,450Hameln
30%
10877,200Viersen
30%
13365,950Rüsselsheim am Main
28%
11375,700Gladbeck
26%
12172,400Lüdenscheid
26%
17353,750Nordhorn
26%
15458,950Unna
26%
17653,000Wetzlar
26%
15558,400Euskirchen
25%
19649,600Heidenheim am der Brenz
25%
18152,400Kleve
25%
12968,000Lippstadt
25%
12371,200Bocholt
24%
16754,750Lingen
24%
10579,400Norderstedt
23%
14760,300Wesel
23%
12073,400Castrop-Rauxel
22%
11674,750Dorsten
22%
11475,000Troisdorf
22%
17952,500Ahlen
21%
18451,200Bad Kreuznach
21%
13067,400Dinslaken
21%
15657,850Göppingen
21%
19250,000Peine
21%
19449,950Rastatt
21%
18252,200Wolfenbüttel
21%
11873,500Arnsberg
20%
18551,000Gummersbach
20%
13266,700Herford
20%
14561,200Schwäbisch Gmünd
20%
13564,900Sindelfingen
20%
18052,450Frechen
19%
14063,800Grevenbroich
19%
19050,200Böblingen
18%
14959,800Hürth
18%
17054,300Bad Salzuflen
17%
14661,100Garbsen
17%
16954,500Hattingen
17%
18351,850Ibbenbüren
17%
13166,800Kerpen
17%
19749,300Lörrach
17%
13664,800Neuwied
17%
13864,400Dormagen
16%
16156,450Meerbusch
15%
19350,000Elmshorn
14%
19849,150Freising
14%
16455,700Hilden
14%
18950,400Willich
14%
14361,650Bergheim
13%
14261,900Herten
13%
15956,500Stolberg
13%
19150,050Erftstadt
12%
20048,800Frankenthal
12%
15259,200Langenfeld
12%
16854,700Langenhagen
12%
17852,650Menden
12%
16355,900Sankt Augustin
12%
17254,200Pulheim
11%
16555,650Waiblingen
11%
16056,500Eschweiler
10%
19948,900Leonberg
10%

Score Distribution

Percentile by Number Answered

Percent of People with Each Score

Your Score History

You have not taken this quiz